000 00658nam a2200217Ia 4500
001 3165
003 GE_BSU
008 181216s||||||||xx |||||||||||||| ||und||
040 _cGE_BSU
080 _a517(07)
100 _aИгнатьева,А.В. Краснощекова,Т.И. Смирнов,В.Ф.
245 _aКурс высшей математики.
245 _cред.Д.А.Тальский, под ред. П.И. Романовского.
250 _aИзд 2-ое.
260 _aМ.
260 _bВысш. школа.
260 _c1968.
300 _a692 стр.27см.
653 _aВысшая математика.
942 _cBK
999 _c37208
_d37208